| 000 | 01145nas a2200373 4500 | ||
|---|---|---|---|
| 001 | BR0202395 | ||
| 003 | BR-BrBNA | ||
| 005 | 20231205102935.0 | ||
| 007 | ta | ||
| 008 | 230509b bl.|||p| |||| 00| 00por d | ||
| 040 |
_aBR-BrBNA _bpor _cBiblioteca Nacional de Agricultura |
||
| 041 | _a(Pt) | ||
| 072 | _aJ11 | ||
| 100 | 1 | _aBrackmann, A. | |
| 100 | 1 | _aSaquet, A.A. | |
| 100 | 1 | _aCeretta, M. | |
| 245 | 1 | _aQualidade de nêspera (Eriobotrya japonica, Linddl.)armazenada em diferentes temperaturas e concentrações de CO2 e O2 | |
| 650 | _aNÊSPERA | ||
| 650 | _aARMAZENAMENTO | ||
| 650 | _aRESFRIAMENTO | ||
| 650 | _aPROPRIEDADE FÍSICO-QUÍMICA | ||
| 650 | _aQUALIDADE | ||
| 650 | _aMATURAÇÃO | ||
| 650 | _aVIDA-DE-PRATELEIRA | ||
| 650 | _aPESO | ||
| 650 | _aACIDEZ | ||
| 650 | _aCARBONO | ||
| 650 | _aOXIGÊNIO | ||
| 650 | _aRIO GRANDE DO SUL | ||
| 773 | 0 |
_tRevista Brasileira de Agrociência (Brazil) _xISSN 0104-8996 _g(Sep-Dec 1996), v. 2(3) p. 183-186 _wBR0202395 |
|
| 856 | 4 | 0 | _uhttp://www.ufpel.tche.br/faem/agrociencia/v2n3/artigo10.pdf |
| 909 |
_a202311 _bLúcia _c55 _dLúcia Elande |
||
| 942 |
_2AGRIS _n0 _cANA |
||
| 999 |
_c170182 _d170182 |
||